Initiales/Abréviations de jeux vidéos - Statistiques

Statistiques générales
  • Ce quiz a été pris 795 fois
  • Le résultat moyen est 20 sur 38
Statistiques - réponses
Editeur Abréviation Nom complet % Correct
Riot LoL League of Legends
87%
Rockstar GTAV Grand Theft Auto V
86%
Nintendo MK8 Mario Kart 8
84%
Nintendo DK64 Donkey Kong 64
83%
Rockstar RDR2 Red Dead Redemption II
82%
Blizzard WoW World of Warcraft
82%
Square Enix FFXV Final Fantasy XV
77%
Activision CoD:BO4 Call of Duty: Black Ops 4
72%
Nintendo TLoZ (le premier du coup) The Legend of Zelda
70%
Nintendo SSBU Super Smash Bros. Ultimate
69%
Valve CSGO Counter-Strike: Global Offensive
68%
Capcom MH:W Monster Hunter: World
68%
Ubisoft AC2 Assassin's Creed II
67%
Sony TLoU The Last of Us
63%
Electronic Arts BF 2042 Battlefield 2042
62%
Ubisoft [Tom Clancy's]R6 (le premier aussi) Rainbow Six
62%
Capcom RE8 Resident Evil Village
55%
Nintendo AC:NH Animal Crossing : New Horizons
54%
Bandai Namco DBFZ Dragon Ball FighterZ
51%
Bethesda F76 Fallout 76
51%
Nintendo NSMB Wii New Super Mario Bros. Wii
51%
Ubisoft FC6 Far Cry 6
46%
Electronic Arts NFS (le premier aussi) Need for Speed
46%
Valve HL3 Half-Life 3
44%
Warner Bros. MK11 Mortal Kombat 11
40%
Bethesda TESV The Elder Scrolls V
39%
Konami MGS4 Metal Gear Solid 4
38%
Bandai Namco (Europe) TW3:WH The Witcher 3: Wild Hunt
37%
Capcom SF5 Street Fighter V
34%
Krafton PUBG PlayerUnknown's BattleGrounds
33%
Square Enix DQXI Dragon Quest XI
32%
Microsoft FH4 Forza Horizon 4
32%
Sony HZD Horizon Zero Dawn
29%
Xbox SoT Sea of Thieves
29%
Square Enix LiS2 Life is Strange 2
27%
Electronic Arts (+ 1) SW:TOR Star Wars: The Old Republic
27%
GIANTS FS22 Farming Simulator 22
10%
Nintendo PM:LPM Paper Mario : La Porte millénaire
7%
Aucun quiz correspondant
Distribution des résultats
% des personnes avec chaque résultat
Percentile par nombre de réponses
Votre historique - résultats
Vous n’avez pas pris ce quiz